000 00752nam a2200253Ia 4500
003 OSt
005 20220930203755.0
006 a|||||r|||| 00| 0
007 ta
008 220926b |||||||| |||| 00| 0 hin d
024 _a79645
037 _cDissertations
040 _aCRL
_cCRL
_bhin
041 _2hin
_ahin
100 _aPuran Chand
_9540685
110 _aUniversity of Delhi. Faculty of Arts. Department of Hindi
245 0 _a'Salam' dalit swabhiman ki abhivyakti
260 _c2003
650 _aHINDI LITERATURE
_923866
700 _a Dr Hari Mohan Sharma Gu.
700 _aUniversity of Delhi. Faculty of Arts. Department of Hindi
942 _cDIS
_2CC
999 _c905116
_d905116